Henri-Frédéric Amiel (Record no. 166841)

MARC details
000 -LEADER
campo de control de longitud fija 00751nam a22001935i 4500
001 - NÚMERO DE CONTROL
campo de control 166841
003 - IDENTIFICADOR DE NÚMERO DE CONTROL
campo de control ES-MaACL
005 - FECHA Y HORA DE LA ÚLTIMA TRANSACCIÓN
campo de control 20260201182831.0
008 - DATOS DE LONGITUD FIJA--INFORMACIÓN GENERAL
campo de control de longitud fija 050920s1886 fr a | |||||||| ||fre d
040 ## - FUENTE DE CATALOGACIÓN
Centro catalogador/agencia de origen CAM
Lengua de catalogación spa
Centro/agencia transcriptor CAM
100 1# - ENTRADA PRINCIPAL--NOMBRE DE PERSONA
Nombre de persona Vadier, Berthe.
9 (RLIN) 133484
245 10 - MENCIÓN DEL TÍTULO
Título Henri-Frédéric Amiel
Resto del título : etude biographique /
Mención de responsabilidad, etc. par Berthe Vadier.
260 ## - PUBLICACIÓN, DISTRIBUCIÓN, ETC.
Lugar de publicación, distribución, etc. Paris :
Nombre del editor, distribuidor, etc. Librairie Fischbacher,
Fecha de publicación, distribución, etc. 1886 (
Lugar de fabricación/manufactura Genève :
Fabricante Imprimerie Charles Schuchardt)
300 ## - DESCRIPCIÓN FÍSICA
Extensión 288 p., [1] h. de lám. ;
Dimensiones 19 cm.
599 ## - NOTA A LAS ILUSTRACIONES
NOTA A LAS ILUSTRACIONES La h. de lám. retrato del biografiado: "Héliog. & Imp. Lemercier & Cie"
600 17 - PUNTO DE ACCESO ADICIONAL DE MATERIA--NOMBRE DE PERSONA
Nombre de persona Amiel, Henri Frédéric-
Subdivisión general Biografías
Fuente del encabezamiento o término
9 (RLIN) 125656
852 ## - LOCALIZACIÓN
Ubicación ES-MaACL
Número de control de estantería D-1366
Nota libre -- Enc. hol. conservando la cub. original
Holdings
Estatus retirado Estado de pérdida Estado de daño No para préstamo Colección Biblioteca de origen Biblioteca actual Ubicación en estantería Fecha de adquisición Fuente de adquisición Total de préstamos Signatura topográfica completa Código de barras Visto por última vez Precio de reemplazo Tipo de ítem Koha
        Libros del s. XIX Biblioteca del Ateneo de Madrid Biblioteca del Ateneo de Madrid Sala Valle Inclán 17/01/2008     D-1366 901175006 23/02/2023 23/02/2023 Libro impreso antiguo